Statistiques concernant Quelle est cette ville Américaine ?

Cliquez ici pour prendre le quiz!

Statistiques générales

  • Ce quiz a été pris 34 fois
  • Le résultat moyen est 7 sur 12

Statistiques - réponses

Réponse% Correct
New York City
100%
Washington DC
97%
Chicago
88%
Las Vegas
88%
Miami
82%
San Francisco
79%
La Nouvelle Orléans
58%
Orlando
48%
Portland
30%
Honolulu
27%
Santa Monica
21%
Savannah
3%

Distribution des résultats

Percentile par nombre de réponses

% des personnes avec chaque résultat

Votre développement - résultats

Vous n’avez pas pris ce quiz